[Event "1st Metropolitan International"]
[Site "Los Angeles"]
[Date "2011.08.19"]
[Round "5"]
[White "Hamzah, Amier"]
[Black "Anderson, Michael"]
[Result "1-0"]
[WhiteElo "1800"]
[BlackElo "1900"]
[PlyCount "33"]
[EventDate "2011.08.17"]
[EventType "swiss"]
[EventRounds "9"]
[EventCountry "USA"]
[SourceDate "2011.08.22"]

1. d4 Nf6 2. c4 e6 3. Nc3 c5 4. Nf3 cxd4 5. Nxd4 a6 6. e4 Bb4 7. Qc2 Bxc3+ 8.
bxc3 Qa5 9. Bd2 d6 10. Be2 Nbd7 11. O-O Nc5 12. f3 Bd7 13. Be3 Rc8 14. Nb3 Qa4
15. Rad1 Rc6 16. Rd2 Ke7 17. e5 1-0

[Event "1st Metropolitan International"]
[Site "Los Angeles"]
[Date "2011.08.19"]
[Round "5"]
[White "Holt, Conrad"]
[Black "Bojkov, Dejan"]
[Result "1-0"]
[WhiteElo "2438"]
[BlackElo "2544"]
[PlyCount "69"]
[EventDate "2011.08.17"]
[EventType "swiss"]
[EventRounds "9"]
[EventCountry "USA"]
[SourceDate "2011.08.22"]

1. d4 Nf6 2. c4 g6 3. Nc3 Bg7 4. e4 O-O 5. Nf3 c6 6. h3 d5 7. cxd5 cxd5 8. e5
Ne4 9. Bd3 Bf5 10. O-O Nxc3 11. bxc3 Bxd3 12. Qxd3 Nc6 13. Ng5 Qd7 14. Re1 f6
15. e6 Qc7 16. Nf7 Nd8 17. Nxd8 Raxd8 18. h4 Qc6 19. Bf4 f5 20. Re3 h5 21. Rae1
Rc8 22. Rg3 Kh7 23. Ree3 Qe8 24. Qe2 Bf6 25. Qf3 Qb5 26. Kh2 Rc6 27. Qd1 Bxh4
28. Rh3 Bxf2 29. Rxh5+ Kg8 30. Rh6 Kg7 31. Rxg6+ Kxg6 32. Rh3 Bg3+ 33. Rxg3+
Kf6 34. Bg5+ Kxe6 35. Qe1+ 1-0

[Event "1st Metropolitan International"]
[Site "Los Angeles"]
[Date "2011.08.19"]
[Round "5"]
[White "Jayakumar, Adarsh"]
[Black "Taylor, Timothy"]
[Result "0-1"]
[WhiteElo "2177"]
[BlackElo "2279"]
[PlyCount "104"]
[EventDate "2011.08.17"]
[EventType "swiss"]
[EventRounds "9"]
[EventCountry "USA"]
[SourceDate "2011.08.22"]

1. d4 Nf6 2. c4 e5 3. dxe5 Ng4 4. Nf3 Nc6 5. Bf4 Bb4+ 6. Nbd2 Qe7 7. a3 Ngxe5
8. Nxe5 Nxe5 9. e3 Bc5 10. Nb3 Bd6 11. c5 Nd3+ 12. Bxd3 Bxf4 13. O-O Be5 14.
Qc2 g6 15. f4 Bg7 16. e4 O-O 17. Rae1 d6 18. cxd6 cxd6 19. Nd2 Bd7 20. Nc4 Rac8
21. Qe2 d5 22. exd5 Qc5+ 23. Kh1 Qxd5 24. Ne5 Rfe8 25. Be4 Qb5 26. Nxd7 Qxd7
27. Qf2 Rc4 28. Rd1 Rd4 29. Bf3 Qb5 30. Rc1 Red8 31. b4 b6 32. Be2 Qf5 33. Qf3
Rd2 34. g4 Qf6 35. Rc7 Qb2 36. Re7 Bf8 37. Re4 a5 38. f5 g5 39. Qe3 h6 40. h4
axb4 41. axb4 Rxe2 42. Qxe2 Rd2 43. Qf3 Bxb4 44. Rxb4 Qxb4 45. hxg5 hxg5 46.
Qe3 Qd6 47. Qxg5+ Kf8 48. Qf4 Qc6+ 49. Rf3 Rf2 50. Qb8+ Kg7 51. f6+ Kh7 52. Kg1
Qxf3 0-1

[Event "1st Metropolitan International"]
[Site "Los Angeles"]
[Date "2011.08.19"]
[Round "5"]
[White "Kavutskiy, Konstantin"]
[Black "Akopian, Robert"]
[Result "1-0"]
[WhiteElo "2225"]
[BlackElo "2047"]
[PlyCount "109"]
[EventDate "2011.08.17"]
[EventType "swiss"]
[EventRounds "9"]
[EventCountry "USA"]
[SourceDate "2011.08.22"]

1. d4 Nf6 2. Nf3 e6 3. c4 c5 4. d5 d6 5. Nc3 exd5 6. cxd5 g6 7. h3 Bg7 8. Bf4
O-O 9. e3 a6 10. a4 Re8 11. Bd3 Qc7 12. O-O Nbd7 13. Re1 b6 14. Bh2 Bb7 15. e4
Red8 16. Bc4 Ne5 17. Nxe5 dxe5 18. Qe2 Re8 19. Rad1 Qd6 20. f4 Nh5 21. f5 Nf4
22. Qf1 Bc8 23. g3 Nh5 24. Be2 Nf6 25. g4 h6 26. h4 Nh7 27. Bg3 Bf6 28. Kg2 Kg7
29. Bc4 Ra7 30. Bf2 Ree7 31. Qd3 Re8 32. Rh1 Ra8 33. Be3 g5 34. Qd2 Bd7 35.
hxg5 Bxg5 36. Rh5 f6 37. Rdh1 Rh8 38. Rxh6 Bxh6 39. Rxh6 Nf8 40. Rxh8 Kxh8 41.
Qf2 Nh7 42. a5 Rc8 43. Bxa6 Ra8 44. Qe2 bxa5 45. Bb5 Bxb5 46. Qxb5 Rb8 47. Qxa5
Rxb2+ 48. Kg3 Qb6 49. Qa8+ Qb8 50. Qc6 Rc2 51. Qxc5 Qb3 52. Qc8+ Kg7 53. Qd7+
Kh8 54. Qe8+ Kg7 55. Bh6+ 1-0

[Event "1st Metropolitan International"]
[Site "Los Angeles"]
[Date "2011.08.19"]
[Round "5"]
[White "Kiewra, Keaton"]
[Black "Khachiyan, Melikset"]
[Result "1-0"]
[WhiteElo "2351"]
[BlackElo "2505"]
[PlyCount "81"]
[EventDate "2011.08.17"]
[EventType "swiss"]
[EventRounds "9"]
[EventCountry "USA"]
[SourceDate "2011.08.22"]

1. e4 c5 2. Nf3 Nc6 3. Bb5 g6 4. O-O Bg7 5. c3 a6 6. Ba4 b5 7. Bc2 e5 8. d3
Nge7 9. Be3 d6 10. a4 Rb8 11. axb5 axb5 12. d4 cxd4 13. cxd4 Bg4 14. d5 Nd4 15.
Nbd2 O-O 16. h3 Bd7 17. Nxd4 exd4 18. Bf4 Qb6 19. Qf3 f5 20. Qa3 Nc8 21. Qg3
Rb7 22. Rfe1 Ra7 23. Rxa7 Qxa7 24. exf5 Bxf5 25. Bxf5 Rxf5 26. Re8+ Rf8 27.
Rxf8+ Bxf8 28. Qg4 Qf7 29. Ne4 Nb6 30. Qe6 Be7 31. Nxd6 Qxe6 32. dxe6 Bxd6 33.
Bxd6 Nc4 34. Ba3 Nxa3 35. bxa3 Kf8 36. Kf1 Ke7 37. Ke2 Kxe6 38. f4 h5 39. g4 h4
40. Kd3 Kd5 41. g5 1-0

[Event "1st Metropolitan International"]
[Site "Los Angeles"]
[Date "2011.08.19"]
[Round "5"]
[White "Kleinman, Michael"]
[Black "Hall, Bobby"]
[Result "1-0"]
[WhiteElo "2221"]
[BlackElo "2044"]
[PlyCount "149"]
[EventDate "2011.08.17"]
[EventType "swiss"]
[EventRounds "9"]
[EventCountry "USA"]
[SourceDate "2011.08.22"]

1. e4 c5 2. Nf3 d6 3. d4 cxd4 4. Qxd4 a6 5. c4 Nc6 6. Qe3 g6 7. h3 Bg7 8. Be2
Nf6 9. O-O O-O 10. Nc3 Bd7 11. Rd1 Rc8 12. Bd2 Ne8 13. Nd5 Ne5 14. Nxe5 Bxe5
15. Bc3 Bxc3 16. Nxc3 e6 17. Rd2 Bc6 18. b4 Qf6 19. Rc1 b5 20. cxb5 Bxb5 21.
Rdc2 Qg7 22. Nxb5 Rxc2 23. Rxc2 axb5 24. Bxb5 Qa1+ 25. Qc1 Qe5 26. Bc6 Nf6 27.
Rc4 d5 28. exd5 exd5 29. Rc2 d4 30. Qd2 Rd8 31. Rc5 Qd6 32. Bf3 Re8 33. g3 d3
34. Rc6 Qd4 35. Qc3 Qxc3 36. Rxc3 Re1+ 37. Kg2 d2 38. Rd3 Rb1 39. Rxd2 Rxb4 40.
Rd8+ Kg7 41. Ra8 h5 42. a4 Nd7 43. a5 Ne5 44. Be2 Rb2 45. Bf1 g5 46. a6 Ra2 47.
Re8 Kf6 48. Rh8 Kg6 49. Rg8+ Kf6 50. Be2 Rxe2 51. a7 Ra2 52. a8=Q Rxa8 53. Rxa8
Kg6 54. Rg8+ Kh6 55. f4 gxf4 56. gxf4 Ng6 57. Kf3 Kh7 58. Ra8 Nh4+ 59. Ke4 Kg6
60. Rg8+ Kh7 61. Rg3 f6 62. Kd5 Ng6 63. f5 Nf4+ 64. Ke4 Ne2 65. Rg2 Nc3+ 66.
Kd4 Nb5+ 67. Kd5 Nc7+ 68. Kd6 Nb5+ 69. Ke6 Nc3 70. Kxf6 Nd5+ 71. Ke5 Ne3 72.
Rg1 Nc4+ 73. Ke6 Ne3 74. f6 h4 75. f7 1-0

[Event "1st Metropolitan International"]
[Site "Los Angeles"]
[Date "2011.08.19"]
[Round "5"]
[White "Krishnan, Varun"]
[Black "Zepeda, Lorena"]
[Result "1-0"]
[WhiteElo "2099"]
[BlackElo "2187"]
[PlyCount "85"]
[EventDate "2011.08.17"]
[EventType "swiss"]
[EventRounds "9"]
[EventCountry "USA"]
[SourceDate "2011.08.22"]

1. e4 c5 2. Nf3 d6 3. d4 cxd4 4. Nxd4 Nf6 5. Nc3 a6 6. f3 e5 7. Nb3 Be6 8. Be3
Be7 9. Qd2 O-O 10. O-O-O Nbd7 11. g4 b5 12. g5 b4 13. Ne2 Ne8 14. Ng3 a5 15.
Kb1 Nb6 16. f4 a4 17. Nc1 exf4 18. Bxf4 b3 19. cxb3 axb3 20. a3 Rc8 21. Nf5 d5
22. Qe3 Bc5 23. Qg3 Qd7 24. Nxb3 Qb7 25. Nxc5 Rxc5 26. Nd4 Na4 27. Qb3 Nb6 28.
Qb4 Rc8 29. Nf5 Bxf5 30. exf5 Nc7 31. Be5 d4 32. Bxc7 Rxc7 33. Bd3 Rb8 34. Ka1
Na4 35. Qxb7 Rcxb7 36. b4 Ra7 37. Rde1 Nc3 38. Kb2 Na4+ 39. Kc2 Rc8+ 40. Kd2
Nb2 41. Rc1 Rca8 42. Be4 Re7 43. Bxa8 1-0

[Event "1st Metropolitan International"]
[Site "Los Angeles"]
[Date "2011.08.19"]
[Round "5"]
[White "Langer, Michael"]
[Black "Yang, Darwin"]
[Result "1/2-1/2"]
[WhiteElo "2180"]
[BlackElo "2434"]
[PlyCount "105"]
[EventDate "2011.08.17"]
[EventType "swiss"]
[EventRounds "9"]
[EventCountry "USA"]
[SourceDate "2011.08.22"]

1. e4 e6 2. d4 d5 3. Nd2 dxe4 4. Nxe4 Nd7 5. Nf3 Ngf6 6. Nxf6+ Nxf6 7. Bd3 c5
8. Be3 Qc7 9. Ne5 a6 10. Qe2 Be7 11. O-O O-O 12. Bf4 Rd8 13. dxc5 Qxc5 14. Rad1
Bd7 15. Qf3 Be8 16. a3 Bd6 17. Rfe1 Qc7 18. Bg3 h6 19. c4 a5 20. Rc1 Nd7 21.
Nxd7 Rxd7 22. Be4 Bxg3 23. hxg3 Rad8 24. c5 Rd2 25. Qc3 a4 26. Rc2 R2d4 27. Qf3
b6 28. cxb6 Qxb6 29. Qc3 Bb5 30. Qc5 Qxc5 31. Rxc5 Rb8 32. Bb1 Rd2 33. Rc2 Rxc2
34. Bxc2 Bc6 35. Rb1 Kf8 36. b3 axb3 37. Rxb3 Rxb3 38. Bxb3 Ke7 39. f3 Kd6 40.
Kf2 f5 41. f4 e5 42. fxe5+ Kxe5 43. Bc2 g5 44. Bb1 h5 45. Bc2 f4 46. gxf4+ Kxf4
47. g3+ Ke5 48. Bg6 h4 49. gxh4 gxh4 50. Kg1 Kd4 51. Kh2 Bd7 52. Be8 Bxe8 53.
Kh3 1/2-1/2

[Event "1st Metropolitan International"]
[Site "Los Angeles"]
[Date "2011.08.19"]
[Round "5"]
[White "Lee, Michael"]
[Black "Wang, Richard"]
[Result "1-0"]
[WhiteElo "2395"]
[BlackElo "2240"]
[PlyCount "85"]
[EventDate "2011.08.17"]
[EventType "swiss"]
[EventRounds "9"]
[EventCountry "USA"]
[SourceDate "2011.08.22"]

1. c4 c5 2. Nc3 Nc6 3. g3 g6 4. Bg2 Bg7 5. e4 e5 6. Nge2 Nge7 7. d3 d6 8. Nd5
Nxd5 9. cxd5 Nd4 10. O-O O-O 11. Nxd4 cxd4 12. f4 f5 13. fxe5 dxe5 14. Bd2 Qb6
15. Qb3 fxe4 16. Bxe4 Rxf1+ 17. Rxf1 Qxb3 18. axb3 Bh3 19. Ra1 Bf8 20. d6 Bxd6
21. Bxb7 Rf8 22. Bh6 Rf6 23. Bd5+ Kh8 24. Bg2 Bxg2 25. Kxg2 Rf7 26. Rc1 Bc7 27.
Rc6 Kg8 28. b4 Rd7 29. Kf3 Kf7 30. Ke4 Bb8 31. Bg5 Rb7 32. Bd2 Ke7 33. Kd5 Rd7+
34. Kc4 Rc7 35. Bg5+ Kd7 36. Rxc7+ Bxc7 37. Kd5 a6 38. Bf6 Bd6 39. Bxe5 Bxb4
40. Bxd4 Be1 41. Ke5 Kc6 42. Ke6 Bb4 43. Be5 1-0

[Event "1st Metropolitan International"]
[Site "Los Angeles"]
[Date "2011.08.19"]
[Round "5"]
[White "Liou, Yian"]
[Black "Rosen, Eric"]
[Result "0-1"]
[WhiteElo "2299"]
[BlackElo "2216"]
[PlyCount "106"]
[EventDate "2011.08.17"]
[EventType "swiss"]
[EventRounds "9"]
[EventCountry "USA"]
[SourceDate "2011.08.22"]

1. e4 c5 2. Nf3 Nc6 3. d4 cxd4 4. Nxd4 e6 5. Nc3 Qc7 6. Be3 a6 7. Bd3 Nf6 8.
O-O Ne5 9. h3 Bc5 10. Kh1 d6 11. f4 Nxd3 12. cxd3 b5 13. Nc2 Bxe3 14. Nxe3 Bb7
15. Rc1 Qb6 16. Qe2 O-O 17. Ng4 Nxg4 18. hxg4 f5 19. g5 d5 20. e5 Rac8 21. Qd2
b4 22. Ne2 a5 23. Ng1 d4 24. Rxc8 Rxc8 25. Rc1 Rc5 26. Rxc5 Qxc5 27. Ne2 a4 28.
Kg1 Bd5 29. Qc1 Qxc1+ 30. Nxc1 a3 31. b3 Kf7 32. Kf2 Kg6 33. Kg3 Kh5 34. Kh3 h6
35. gxh6 Kxh6 36. g4 g5 37. Kg3 fxg4 38. Kxg4 gxf4 39. Kxf4 Kh5 40. Kg3 Kg5 41.
Kf2 Kf4 42. Ne2+ Kxe5 43. Nc1 Kf5 44. Ne2 e5 45. Nc1 Kg4 46. Ke2 Bf3+ 47. Ke1
Kf4 48. Kd2 Bh5 49. Kc2 Ke3 50. Kb1 Kd2 51. Ka1 Bg6 52. Kb1 Bxd3+ 53. Ka1 Bb5
0-1

[Event "1st Metropolitan International"]
[Site "Los Angeles"]
[Date "2011.08.19"]
[Round "5"]
[White "Liu, Elliott"]
[Black "Kelley, Dereque"]
[Result "0-1"]
[WhiteElo "2291"]
[BlackElo "2203"]
[PlyCount "80"]
[EventDate "2011.08.17"]
[EventType "swiss"]
[EventRounds "9"]
[EventCountry "USA"]
[SourceDate "2011.08.22"]

1. e4 e5 2. Nf3 Nc6 3. Bc4 Nf6 4. d3 Be7 5. c3 O-O 6. Bb3 d6 7. Nbd2 Na5 8. Bc2
c5 9. d4 cxd4 10. cxd4 Nc6 11. d5 Nb4 12. Bb1 a5 13. a3 Na6 14. O-O Nc5 15. b3
Bd7 16. Bb2 Bb5 17. Re1 Nd3 18. Bxd3 Bxd3 19. Re3 Bb5 20. Rc1 Bd7 21. Nc4 Ng4
22. Re1 b5 23. Ncxe5 Nxe5 24. Nxe5 dxe5 25. Bxe5 Bxa3 26. Rc7 Re8 27. Bg3 Rc8
28. Rb7 Rc1 29. Qd2 Bc6 30. Rb8 Qg5 31. f4 Rxe1+ 32. Qxe1 Qe7 33. Rxe8+ Bxe8
34. Bf2 Bc5 35. Qxa5 Bxf2+ 36. Kxf2 Qxe4 37. Qd8 Qxf4+ 38. Kg1 Qe3+ 39. Kf1 h6
40. d6 Kh7 0-1

[Event "1st Metropolitan International"]
[Site "Los Angeles"]
[Date "2011.08.19"]
[Round "5"]
[White "Melekhina, Alisa"]
[Black "Clawitter, Craig"]
[Result "1/2-1/2"]
[WhiteElo "2263"]
[BlackElo "2118"]
[PlyCount "135"]
[EventDate "2011.08.17"]
[EventType "swiss"]
[EventRounds "9"]
[EventCountry "USA"]
[SourceDate "2011.08.22"]

1. e4 e6 2. d4 d5 3. e5 c5 4. c3 Qb6 5. Nf3 Nc6 6. Bd3 cxd4 7. cxd4 Bd7 8. O-O
Nxd4 9. Nbd2 Nc6 10. Nb3 f6 11. Nbd4 Be7 12. Nxc6 bxc6 13. Re1 c5 14. Qc2 f5
15. b3 Rc8 16. Be3 Nh6 17. Bxh6 gxh6 18. Qc1 O-O 19. Qxh6 Rf7 20. h4 Rg7 21.
Ng5 Bxg5 22. hxg5 c4 23. Bc2 Qd4 24. bxc4 Qf4 25. Ba4 Rg6 26. Bxd7 Rxh6 27.
gxh6 Rxc4 28. Bxe6+ Kf8 29. Bxd5 Rc2 30. Bf3 Qd4 31. Rf1 Rxf2 32. Rxf2 Qxa1+
33. Kh2 Qxe5+ 34. g3 Qe3 35. Kg2 Kf7 36. Bg4 Qe4+ 37. Bf3 Qe3 38. Bg4 Qe4+ 39.
Bf3 Qd4 40. Bh5+ Ke6 41. Bf3 Kf6 42. Bb7 Kg5 43. Bc8 Qe4+ 44. Kh2 f4 45. gxf4+
Kh4 46. Ba6 Qe3 47. Kg2 Qh3+ 48. Kg1 Qa3 49. Bb7 Qb4 50. Bh1 Qd4 51. Kg2 Qe4+
52. Kg1 Qb1+ 53. Kg2 Qb7+ 54. Kg1 Qb6 55. Kg2 Qg6+ 56. Kf1 Qa6+ 57. Kg1 Kg3 58.
Rf3+ Kg4 59. a3 Qxh6 60. f5 Qc1+ 61. Kh2 Qc7+ 62. Kg1 Qc1+ 63. Kh2 Qb2+ 64. Bg2
Qe5+ 65. Kg1 Qe1+ 66. Kh2 Qe5+ 67. Kg1 Qe1+ 68. Kh2 1/2-1/2

[Event "1st Metropolitan International"]
[Site "Los Angeles"]
[Date "2011.08.19"]
[Round "5"]
[White "Milisits, Ryan"]
[Black "Ulrich, Thomas"]
[Result "1-0"]
[WhiteElo "2203"]
[BlackElo "2093"]
[PlyCount "77"]
[EventDate "2011.08.17"]
[EventType "swiss"]
[EventRounds "9"]
[EventCountry "USA"]
[SourceDate "2011.08.22"]

1. e4 c6 2. d4 d5 3. Nc3 dxe4 4. Nxe4 Bf5 5. Ng3 Bg6 6. h4 h6 7. Nf3 Nd7 8. h5
Bh7 9. Bd3 Bxd3 10. Qxd3 e6 11. Bd2 Ngf6 12. O-O-O Be7 13. Ne4 Nxe4 14. Qxe4
Nf6 15. Qe2 Qd5 16. c4 Qe4 17. Rde1 Qxe2 18. Rxe2 O-O 19. g4 Nxg4 20. Rg1 f5
21. Rxe6 Bf6 22. Ne5 Bxe5 23. dxe5 Rae8 24. Rg6 Rf7 25. f4 Rd7 26. e6 Rc7 27.
Bc3 Rd8 28. Re1 Re7 29. Re2 c5 30. a3 Rd3 31. Bxg7 Kh7 32. Bf8 Re8 33. Bxc5 b6
34. Kc2 Rh3 35. Bd4 Re7 36. Bf6 Rxh5 37. Rxg4 fxg4 38. Bxe7 g3 39. Bh4 1-0

[Event "1st Metropolitan International"]
[Site "Los Angeles"]
[Date "2011.08.19"]
[Round "5"]
[White "Morshedi, Ali"]
[Black "Szabo, Bence"]
[Result "0-1"]
[WhiteElo "2238"]
[BlackElo "2362"]
[PlyCount "56"]
[EventDate "2011.08.17"]
[EventType "swiss"]
[EventRounds "9"]
[EventCountry "USA"]
[SourceDate "2011.08.22"]

1. e4 c5 2. Nf3 Nc6 3. d4 cxd4 4. Nxd4 Qb6 5. Nb3 Nf6 6. Nc3 e6 7. Bd3 d6 8.
O-O a6 9. a4 Qc7 10. a5 Be7 11. Be3 O-O 12. f4 Nb4 13. Rf3 e5 14. Rg3 Bd7 15.
fxe5 dxe5 16. Bh6 Ne8 17. Qh5 Kh8 18. Be3 g6 19. Qe2 Ng7 20. Bh6 Be6 21. Nd2
Rfd8 22. Qf1 Nh5 23. Rf3 Nf4 24. Bxf4 exf4 25. Kh1 Nxc2 26. Rc1 Ne3 27. Qe1
Rxd3 28. Nd5 Qxa5 0-1

[Event "1st Metropolitan International"]
[Site "Los Angeles"]
[Date "2011.08.19"]
[Round "5"]
[White "Ravichandran, Siddharth"]
[Black "Manukyan, Garush"]
[Result "1/2-1/2"]
[WhiteElo "2387"]
[BlackElo "2292"]
[PlyCount "26"]
[EventDate "2011.08.17"]
[EventType "swiss"]
[EventRounds "9"]
[EventCountry "USA"]
[SourceDate "2011.08.22"]

1. d4 Nf6 2. Bg5 e6 3. e4 h6 4. Bxf6 Qxf6 5. Nc3 Bb4 6. Qd2 e5 7. a3 exd4 8.
axb4 dxc3 9. Qxc3 Qxc3+ 10. bxc3 b6 11. Bd3 a5 12. Ne2 Nc6 13. Nd4 Bb7 1/2-1/2

[Event "1st Metropolitan International"]
[Site "Los Angeles"]
[Date "2011.08.19"]
[Round "5"]
[White "Ruck, Robert"]
[Black "Altounian, Levon"]
[Result "1-0"]
[WhiteElo "2569"]
[BlackElo "2431"]
[PlyCount "97"]
[EventDate "2011.08.17"]
[EventType "swiss"]
[EventRounds "9"]
[EventCountry "USA"]
[SourceDate "2011.08.22"]

1. Nf3 d5 2. d4 c5 3. dxc5 e6 4. e4 Bxc5 5. Nc3 Ne7 6. Bb5+ Nbc6 7. O-O O-O 8.
Qe2 a6 9. Bxc6 bxc6 10. Rd1 a5 11. Be3 Bb4 12. a3 Bxc3 13. bxc3 Ba6 14. Qe1 Ng6
15. Bc5 Re8 16. e5 Nh4 17. Qe3 Nf5 18. Qd2 Rb8 19. a4 f6 20. Re1 Rb7 21. Nd4
fxe5 22. Rxe5 Nd6 23. Bxd6 Qxd6 24. Rae1 c5 25. Nb3 Rd7 26. Qe3 d4 27. Qd2 dxc3
28. Qxc3 Bb7 29. Nxc5 Rc7 30. Nxb7 Rxb7 31. Qxa5 Qc6 32. Rc5 Qd7 33. h3 Rf8 34.
Rce5 Ra7 35. Qb6 Qxa4 36. Qxe6+ Kh8 37. Qe8 Qa3 38. Qxf8+ Qxf8 39. Re8 Kg8 40.
Kf1 Rc7 41. Rxf8+ Kxf8 42. Re2 Kf7 43. Ke1 Rd7 44. Re3 g5 45. Ke2 h5 46. g4 h4
47. Rf3+ Ke6 48. Rf5 Rc7 49. Kd3 1-0

[Event "1st Metropolitan International"]
[Site "Los Angeles"]
[Date "2011.08.19"]
[Round "5"]
[White "Sinanan, Joshua"]
[Black "Kurosaki, Takashi"]
[Result "0-1"]
[WhiteElo "2273"]
[BlackElo "2131"]
[PlyCount "102"]
[EventDate "2011.08.17"]
[EventType "swiss"]
[EventRounds "9"]
[EventCountry "USA"]
[SourceDate "2011.08.22"]

1. d4 c5 2. d5 e5 3. e4 d6 4. Nc3 Be7 5. Bb5+ Nd7 6. a4 Ngf6 7. Nf3 h6 8. Nd2
a6 9. Be2 Nf8 10. h4 b6 11. Nc4 a5 12. Ne3 Ng6 13. g3 Bf8 14. Bb5+ Bd7 15. Qf3
Ne7 16. Bd2 Bxb5 17. Nxb5 Nc8 18. b3 Na7 19. Na3 Rb8 20. Nac4 Nc8 21. Bc3 h5
22. O-O Ne7 23. Nxd6+ Qxd6 24. Nc4 Qd8 25. Bxe5 Ng6 26. Bxb8 Qxb8 27. e5 Ng4
28. Rfe1 Rh6 29. d6 Nxh4 30. Qc6+ Kd8 31. Nxb6 Nf3+ 32. Kg2 Ngxe5 33. Qb5 Nxe1+
34. Rxe1 Qb7+ 35. Kh3 h4 36. Rxe5 hxg3+ 37. Kxg3 Rg6+ 38. Kf4 Rf6+ 39. Ke3 Qf3+
40. Kd2 Rxd6+ 41. Kc1 Qd1+ 42. Kb2 Qd4+ 43. Ka2 Qxe5 44. Nc4 Qd5 45. Qxa5+ Ke7
46. Qc7+ Rd7 47. Qc8 Rd8 48. Qc7+ Ke8 49. Qg3 Qe4 50. Qc3 Qd4 51. Qa5 Be7 0-1

[Event "1st Metropolitan International"]
[Site "Los Angeles"]
[Date "2011.08.19"]
[Round "5"]
[White "Steinfl, Alessandro"]
[Black "Viswanadha, Kesav"]
[Result "1-0"]
[WhiteElo "2164"]
[BlackElo "1919"]
[PlyCount "49"]
[EventDate "2011.08.17"]
[EventType "swiss"]
[EventRounds "9"]
[EventCountry "USA"]
[SourceDate "2011.08.22"]

1. d4 Nf6 2. c4 e6 3. Nc3 Bb4 4. e3 d5 5. cxd5 exd5 6. Qb3 Bd6 7. Nf3 O-O 8.
Bd3 c6 9. h3 Qb6 10. Qc2 h6 11. Bd2 Be6 12. g4 Nfd7 13. Rg1 c5 14. Na4 Qc6 15.
dxc5 Nxc5 16. Nxc5 Qxc5 17. Bc3 Nc6 18. a3 Rac8 19. Rc1 f6 20. g5 fxg5 21. Bh7+
Kh8 22. Bxg7+ Kxg7 23. Qg6+ Kh8 24. Rxc5 Bxc5 25. Qxh6 1-0

[Event "1st Metropolitan International"]
[Site "Los Angeles"]
[Date "2011.08.19"]
[Round "5"]
[White "Tatum, Kofi"]
[Black "Carreto Nieto, Giovanni"]
[Result "1/2-1/2"]
[WhiteElo "1995"]
[BlackElo "2251"]
[PlyCount "122"]
[EventDate "2011.08.17"]
[EventType "swiss"]
[EventRounds "9"]
[EventCountry "USA"]
[SourceDate "2011.08.22"]

1. Nf3 c5 2. g3 Nc6 3. Bg2 g6 4. O-O Bg7 5. c4 d6 6. Nc3 e5 7. Ne1 Be6 8. d3
Nge7 9. Nd5 Bxd5 10. cxd5 Nb4 11. Qb3 Qd7 12. a3 Na6 13. Bd2 O-O 14. e4 h5 15.
f4 Kh8 16. f5 Ng8 17. Bh3 Bh6 18. Qc2 f6 19. Bxh6 Nxh6 20. Qe2 Rg8 21. Kg2 g5
22. Qxh5 Qh7 23. Bg4 Rg7 24. Bd1 g4 25. Rh1 Rg5 26. Qh4 Nf7 27. Qxh7+ Kxh7 28.
h4 Rg7 29. Nc2 c4 30. dxc4 Nc5 31. Ne3 Nxe4 32. Bc2 Nc5 33. b4 Nd7 34. Be4 Rc8
35. Rhc1 Nh6 36. Kf2 b6 37. Ke2 Nf7 38. Bc2 e4 39. Rd1 Nfe5 40. Rd4 b5 41. cxb5
Nb6 42. Bxe4 Re7 43. a4 Rce8 44. a5 Nf3 45. Rd3 Rxe4 46. axb6 axb6 47. Kf2 Ne5
48. Ra7+ Kg8 49. Rb3 Nc4 50. Nxg4 Rxg4 51. Rc3 Rd4 52. Rc7 Nd2 53. R3c6 Ne4+
54. Ke3 Rxd5 55. Rc8 Rde5 56. Rxe8+ Rxe8 57. g4 Nc3+ 58. Kd3 Ne4 59. Ke3 Re5
60. Rxb6 Nc3+ 61. Kd4 Nxb5+ 1/2-1/2

[Event "1st Metropolitan International"]
[Site "Los Angeles"]
[Date "2011.08.19"]
[Round "5"]
[White "Tayar, Jonathan"]
[Black "Molner, Mackenzie"]
[Result "0-1"]
[WhiteElo "2335"]
[BlackElo "2447"]
[PlyCount "118"]
[EventDate "2011.08.17"]
[EventType "swiss"]
[EventRounds "9"]
[EventCountry "USA"]
[SourceDate "2011.08.22"]

1. e4 c5 2. Nf3 d6 3. d4 cxd4 4. Nxd4 Nf6 5. Nc3 a6 6. Bg5 Nbd7 7. Qe2 h6 8.
Bh4 e6 9. O-O-O Be7 10. f4 Qc7 11. Bg3 Nc5 12. e5 dxe5 13. fxe5 Nh7 14. Ne4 Bd7
15. Nd6+ Bxd6 16. exd6 Qa5 17. Kb1 O-O 18. Be5 f6 19. Bg3 Ng5 20. Nb3 Nxb3 21.
axb3 Rac8 22. Qh5 Qc5 23. Bd3 Bb5 24. Qe2 Bd7 25. Rd2 b5 26. h4 Nf7 27. Bg6 a5
28. Rhd1 a4 29. Bf2 Qc6 30. Bxf7+ Rxf7 31. Qf3 axb3 32. Qxb3 Rff8 33. g4 Ra8
34. Rd3 Ra4 35. Rd4 Rfa8 36. Rxa4 Rxa4 37. g5 Qa8 38. Kc1 Qg2 39. Qg3 Qxg3 40.
Bxg3 hxg5 41. hxg5 Rg4 42. Rd3 Rxg5 43. Ra3 Kf7 44. Ra7 Rxg3 45. Rxd7+ Ke8 46.
Rb7 Rg5 47. b3 Kd8 48. Re7 e5 49. Kd2 Rg4 50. Ke3 b4 51. Kf3 Rf4+ 52. Ke3 g5
53. Rf7 f5 54. Re7 Re4+ 55. Kd3 g4 56. Rf7 Rf4 57. Re7 g3 58. Ke2 e4 59. Rg7
Rg4 0-1

[Event "1st Metropolitan International"]
[Site "Los Angeles"]
[Date "2011.08.19"]
[Round "5"]
[White "Troff, Kayden"]
[Black "Panjwani, Raja"]
[Result "0-1"]
[WhiteElo "2282"]
[BlackElo "2420"]
[PlyCount "90"]
[EventDate "2011.08.17"]
[EventType "swiss"]
[EventRounds "9"]
[EventCountry "USA"]
[SourceDate "2011.08.22"]

1. d4 d6 2. c4 Nf6 3. Nc3 g6 4. e4 Bg7 5. Nf3 O-O 6. Be2 Na6 7. O-O e5 8. dxe5
dxe5 9. Qxd8 Rxd8 10. Bg5 Re8 11. Bxf6 Bxf6 12. Rfd1 c6 13. Nd2 Bg5 14. Nb3 Be7
15. Rac1 Nc5 16. Nxc5 Bxc5 17. b3 Be6 18. Rc2 Bd4 19. Bf3 Kf8 20. Ne2 Bc5 21.
Nc3 Red8 22. Rcd2 Rxd2 23. Rxd2 Ke7 24. Rd3 f5 25. Kf1 f4 26. Be2 Rh8 27. Nb1
g5 28. Bh5 g4 29. f3 g3 30. h3 Rd8 31. Rxd8 Kxd8 32. Bg4 Bf7 33. Ke2 h5 34. Bf5
h4 35. Bg4 Kc7 36. Kd3 a6 37. a4 Kb6 38. Bc8 Bb4 39. Bg4 Kc5 40. Bc8 b5 41.
cxb5 axb5 42. Nc3 Bxb3 43. axb5 Bc4+ 44. Kc2 Bxc3 45. Kxc3 cxb5 0-1

[Event "1st Metropolitan International"]
[Site "Los Angeles"]
[Date "2011.08.19"]
[Round "5"]
[White "Van Wely, Loek"]
[Black "Ramirez, Alejandro"]
[Result "1-0"]
[WhiteElo "2683"]
[BlackElo "2592"]
[PlyCount "65"]
[EventDate "2011.08.17"]
[EventType "swiss"]
[EventRounds "9"]
[EventCountry "USA"]
[SourceDate "2011.08.22"]

1. d4 d5 2. c4 c6 3. Nf3 Nf6 4. Nc3 a6 5. a4 e6 6. g3 c5 7. Bg2 cxd4 8. Nxd4 e5
9. Nc2 d4 10. Nd5 Nxd5 11. cxd5 Bg4 12. O-O Nd7 13. h3 Bh5 14. f4 Bc5 15. Kh1
O-O 16. fxe5 Qe7 17. Bf4 Nxe5 18. Nxd4 Rfe8 19. Rc1 Ba7 20. Nf5 Qf6 21. Qc2
Bxe2 22. Nh6+ gxh6 23. Qxe2 Ng6 24. Qg4 Qxb2 25. Bxh6 Be3 26. Bxe3 Rxe3 27. d6
Qb6 28. d7 Rd8 29. Rc8 Re7 30. Qf5 Ne5 31. Qf6 Qxf6 32. Rxd8+ Kg7 33. Rg8+ 1-0